LAW OF ADOPTION MINORITY GUARDIANSHIP & CUSTODY (Record no. 9699)
[ view plain ]
| 000 -LEADER | |
|---|---|
| fixed length control field | 00334nam a22001457a 4500 |
| 003 - CONTROL NUMBER IDENTIFIER | |
| control field | SGT |
| 082 ## - DEWEY DECIMAL CLASSIFICATION NUMBER | |
| Classification number | 346.1780954,DIW |
| 100 ## - MAIN ENTRY--PERSONAL NAME | |
| Personal name | DIWAN,PARAS |
| 245 ## - TITLE STATEMENT | |
| Title | LAW OF ADOPTION MINORITY GUARDIANSHIP & CUSTODY |
| 250 ## - EDITION STATEMENT | |
| Edition statement | 5TH |
| 260 ## - PUBLICATION, DISTRIBUTION, ETC. (IMPRINT) | |
| Place of publication, distribution, etc | NEW DELHI |
| Name of publisher, distributor, etc | UNIVERSAL |
| Year of Publication | 2012 |
| 300 ## - PAGE DESCRIPTION | |
| No. of Pages | 948 |
| 650 ## - SUBJECT ADDED ENTRY--TOPICAL TERM | |
| Topical term or geographic name as entry element | LAW OF ADOPTION |
| 942 ## - ADDED ENTRY ELEMENTS (KOHA) | |
| Source of classification or shelving scheme | Dewey Decimal Classification |
| Koha item type | Books |
| Withdrawn status | Lost status | Source of classification or shelving scheme | Damaged status | Not for loan | Collection code | Home library | Current library | Shelving location | Date acquired | Vendor Name | Cost, normal purchase price | SGTU | Bill Number | Total Checkouts | Full call number | Accession No. (Barcode) | Date last seen | Date last borrowed | Bill Date | Koha item type |
|---|---|---|---|---|---|---|---|---|---|---|---|---|---|---|---|---|---|---|---|---|
| Dewey Decimal Classification | LAW | SGT Science & Social Sciences Library | SGT Science & Social Sciences Library | Text Book | 27/07/2016 | JUPITER LAW BOOK COMPANY | 1395.00 | SGTU | 856 | 1 | 346.1780954,DIW | FL306 | 07/03/2020 | 06/03/2020 | 31/10/2014 | Books | ||||
| Dewey Decimal Classification | LAW | SGT Science & Social Sciences Library | SGT Science & Social Sciences Library | Text Book | 27/07/2016 | JUPITER LAW BOOK COMPANY | 1395.00 | SGTU | 856 | 346.1780954,DIW | FL307 | 27/07/2016 | 31/10/2014 | Books | ||||||
| Dewey Decimal Classification | LAW | SGT Science & Social Sciences Library | SGT Science & Social Sciences Library | Text Book | 09/08/2016 | JUPITER LAW HOUSE | 1395.00 | SGTU | 856 | 346.1780954,DIW | FL440 | 09/08/2016 | 31/10/2014 | Books | ||||||
| Dewey Decimal Classification | LAW | SGT Science & Social Sciences Library | SGT Science & Social Sciences Library | Text Book | 09/08/2016 | JUPITER LAW HOUSE | 1395.00 | SGTU | 856 | 346.1780954,DIW | FL441 | 09/08/2016 | 31/10/2014 | Books |